Observations écologiques en forêt de basse Côte d'Ivoire /

Guardado en:
Autor Principal: Paulian, Renaud.
Formato: Libro
Idioma:French
Publicado: Paris : P. Lechevalier, 1947.
Series:Encyclopédie biogéographique et écologique ; 2
Etiquetas: Agregar Etiqueta
Sin Etiquetas, Sea el primero en etiquetar este registro!
LEADER 00618nam a22001695a 4500
001 EEA.libagro008849
005 20140623114103.0
008 130809s1947####fr#a#####b####000#0#fre#d
082 0 4 |a 574.9 
082 0 4 |a 574.5264209666 
100 1 |a Paulian, Renaud. 
245 1 0 |a Observations écologiques en forêt de basse Côte d'Ivoire /  |c par Renaud Paulian. 
260 |a Paris :  |b P. Lechevalier,  |c 1947. 
300 |a 146 p. :  |b il., lám., mapas ;  |c 25 cm. 
490 1 |a Encyclopédie biogéographique et écologique ;  |v 2 
504 |a Bibliografía: p. [129]-135. 
859 |a AR-BbBCA  |b BIB. AGRONOMIA  |h 574.9  |i E56 2  |p 1959/0580